书目信息 |
| 题名: |
亚非问题研究
|
|
| 作者: | ;北京大学亚非研究所 编 | |
| 分册: | 第5集 | |
| 出版信息: | 北京 北京大学出版社 1985 |
|
| 页数: | 234页 | |
| 开本: | 20cm | |
| 丛书名: | ||
| 单 册: | ||
| 中图分类: | D501 | |
| 科图分类: | ||
| 主题词: | 发展中国家--政治 | |
| 电子资源: | ||
| ISBN: | ||
| 000 | 00658nam0 2200229 45 | |
| 001 | 0185000916 | |
| 005 | 20050627153812.1 | |
| 010 | @dCNY1.45 | |
| 091 | @a3209.10 | |
| 100 | @a19900823d1985 kemy0chiy0121 ea | |
| 101 | 0 | @achi |
| 102 | @aCN@b110000 | |
| 105 | @ay z 000yy | |
| 200 | 10 | @a亚非问题研究@Aya fei wen ti yan jiu@h第5集@f北京大学亚非研究所编@FBei Jing Da Xue Ya Fei Yan Jiu Suo Bian |
| 210 | @a北京@c北京大学出版社@d1985 | |
| 215 | @a234页@d20cm | |
| 606 | @a发展中国家@x政治 | |
| 690 | @aD501@v3 | |
| 711 | 02 | @a北京大学亚非研究所@4编 |
| 801 | 0 | @aCN@b深圳图书馆@c20040421 |
| 801 | 2 | @aCN@bNLC@c20040421 |
| 905 | @dD501@e13:5@f1@b162608 | |
| 亚非问题研究.第5集/北京大学亚非研究所编.-北京:北京大学出版社,1985 |
| 234页;20cm |
| ISBN :CNY1.45 |
| ● |
| 相关链接 |
|
|
|
|
正题名:亚非问题研究
索取号:D501/13:5
 
预约/预借
| 序号 | 登录号 | 条形码 | 馆藏地/架位号 | 状态 | 备注 |
| 1 | 0162606 | 000482506 | 密集书库/ [索取号:D501/13:5] | 在馆 | |
| 2 | 0162607 | 000482347 | 密集书库/ [索取号:D501/13:5] | 在馆 | |
| 3 | 0162608 | 000482490 | 第一样本阅览室/ [索取号:D501/13:5] | 在馆 |